[Event "Jalgaon op"]
[Site "Jalgaon"]
[Date "2010.11.28"]
[Round "8"]
[White "Awate, Avinash S"]
[Black "Kunte, Abhijit"]
[Result "0-1"]
[WhiteElo "2176"]
[BlackElo "2517"]
[PlyCount "62"]
[EventDate "2010.11.23"]
[EventType "swiss"]
[EventRounds "11"]
[EventCountry "IND"]
[SourceTitle "CBM 139 Extra"]
[Source "ChessBase"]
[SourceDate "2011.01.05"]
[SourceVersion "1"]
[SourceVersionDate "2011.01.05"]
[SourceQuality "1"]

1. d4 Nf6 2. c4 e6 3. Nc3 c5 4. Nf3 cxd4 5. Nxd4 a6 6. g3 Qc7 7. Qd3 b6 8. Bg2 Bb7 9. e4 d6 10. b3 Nbd7 11. Bb2 Be7 12. 0-0 0-0 13. Rad1 Rfe8 14. Rfe1 Bf8 15. h3 Rac8 16. Kh2 Qb8 17. Bh1 h5 18. Nf3 b5 19. cxb5 Nc5 20. Qb1 axb5 21. b4 Ncd7 22. Nd4 h4 23. gxh4 d5+ 24. Kg1 Bxb4 25. Re3 Bc5 26. exd5 exd5 27. Qf5 Rxe3 28. fxe3 Qg3+ 29. Bg2 Qxe3+ 30. Qf2 Bxd4 31. Rxd4 Rxc3 0-1

[Event "Jalgaon op"]
[Site "Jalgaon"]
[Date "2010.11.25"]
[Round "4"]
[White "Awate, Avinash S"]
[Black "Akshat, Khamparia"]
[Result "0-1"]
[WhiteElo "2176"]
[BlackElo "2319"]
[PlyCount "66"]
[EventDate "2010.11.23"]
[EventType "swiss"]
[EventRounds "11"]
[EventCountry "IND"]
[SourceTitle "CBM 139 Extra"]
[Source "ChessBase"]
[SourceDate "2011.01.05"]
[SourceVersion "1"]
[SourceVersionDate "2011.01.05"]
[SourceQuality "1"]

1. e4 c5 2. c3 d6 3. d4 Nf6 4. Bd3 Nc6 5. Ne2 e5 6. d5 Ne7 7. Bb5+ Nd7 8. g4 a6 9. Bd3 Ng6 10. Nd2 h5 11. gxh5 Nh4 12. Ng3 Nf6 13. 0-0 Nxh5 14. Nf3 Bg4 15. Be2 Nf4 16. Bxf4 exf4 17. Nf5 Bxf3 18. Bxf3 Qg5+ 19. Bg4 g6 20. Ng3 f5 21. exf5 gxf5 22. Qe2+ Be7 23. Bh3 Ng6 24. Bxf5 Ne5 25. Be6 Qh6 26. h3 fxg3 27. fxg3 Kd8 28. b4 Qg6 29. Kh2 Qd3 30. Qxd3 Nxd3 31. Rf7 Ne5 32. Rg7 cxb4 33. cxb4 Bf6 0-1

[Event "Ottawa RA CC Active"]
[Site "Ottawa"]
[Date "1997.03.06"]
[Round "4"]
[White "Awate, Avinash S"]
[Black "Pacey, Kevin"]
[Result "1-0"]
[WhiteElo "2350"]
[BlackElo "2237"]
[PlyCount "68"]
[EventDate "1997.02.27"]
[EventType "swiss"]
[EventRounds "8"]
[EventCountry "CAN"]
[SourceTitle "EXT 2022"]
[Source "ChessBase"]
[SourceDate "2021.10.06"]
[SourceVersion "1"]
[SourceVersionDate "2021.10.06"]
[SourceQuality "1"]

1. e4 e6 2. d4 d5 3. Nd2 Nc6 4. exd5 exd5 5. c3 Bd6 6. Bd3 Nf6 7. Ne2 0-0 8. h3 Re8 9. Nf3 Ne4 10. 0-0 Qf6 11. Nh2 Bf5 12. Nf4 Bxf4 13. Bxf4 Nxc3 14. bxc3 Bxd3 15. Qxd3 Qxf4 16. Qb5 Qd6 17. Qxb7 Nxd4 18. Qb2 Rab8 19. Qd2 Ne2+ 20. Kh1 Qc5 21. Rae1 Nxc3 22. Rxe8+ Rxe8 23. Rc1 d4 24. Nf3 Qb6 25. Nxd4 Nxa2 26. Rc6 Qb1+ 27. Kh2 Qe4 28. f3 Qd5 29. Qf4 g5 30. Qg4 h5 31. Qxh5 Qxd4 32. Qxg5+ Qg7 33. Qd2 Qe5+ 34. f4 Qe2 1-0

[Event "Aylmer op"]
[Site "Aylmer"]
[Date "1993.11.28"]
[Round "5"]
[White "Awate, Avinash S"]
[Black "Taylor, Gordon"]
[Result "0-1"]
[WhiteElo "2280"]
[BlackElo "2394"]
[PlyCount "53"]
[EventDate "1993.11.26"]
[EventType "swiss"]
[EventRounds "5"]
[EventCountry "CAN"]
[SourceTitle "EXT 2022"]
[Source "ChessBase"]
[SourceDate "2021.10.06"]
[SourceVersion "1"]
[SourceVersionDate "2021.10.06"]
[SourceQuality "1"]

1. e4 c5 2. c3 d5 3. exd5 Qxd5 4. d4 e6 5. Nf3 Nf6 6. Be2 Nc6 7. 0-0 cxd4 8. Nxd4 Nxd4 9. cxd4 Be7 10. Nc3 Qd6 11. Qb3 0-0 12. Rd1 a6 13. Bf3 Bd7 14. d5 e5 15. Bg5 Bf5 16. Bxf6 Bxf6 17. Qxb7 Rfc8 18. Ne4 Bxe4 19. Bxe4 Rab8 20. Qa7 Rxb2 21. Qe3 g6 22. Rab1 Rxb1 23. Rxb1 Rc4 24. g3 Kg7 25. Rb6 Qd8 26. d6 Rxe4 27. Qb3 0-1

[Event "Palo Alto"]
[Site "Palo Alto"]
[Date "1991.??.??"]
[Round "?"]
[White "Awate, Avinash S"]
[Black "Lobo, Richard"]
[Result "0-1"]
[WhiteElo "2280"]
[BlackElo "2295"]
[PlyCount "92"]
[EventDate "1991.??.??"]
[EventType "tourn"]
[EventRounds "9"]
[EventCountry "USA"]
[SourceTitle "EXT 1997"]
[Source "ChessBase"]
[SourceDate "1996.11.15"]
[SourceVersion "1"]
[SourceVersionDate "1996.11.15"]
[SourceQuality "1"]

1. e4 c5 2. f4 Nc6 3. Nf3 g6 4. Bb5 Bg7 5. Bxc6 dxc6 6. d3 Nf6 7. Nc3 0-0 8. 0-0 b6 9. Qe1 Ba6 10. Kh1 c4 11. d4 Rc8 12. Be3 Ng4 13. Bg1 f5 14. Ng5 Qd7 15. exf5 gxf5 16. Rf3 Rf6 17. h3 Rh6 18. Qe2 Re8 19. Rd1 e6 20. b3 Qd6 21. Na4 Qa3 22. c3 Bb5 23. Nb2 cxb3 24. c4 Ba6 25. axb3 Bb7 26. Na4 Qf8 27. c5 b5 28. Nb2 Nf6 29. Nd3 Nd5 30. Ne5 Bxe5 31. Qxe5 Rg6 32. Rfd3 Qg7 33. Qxg7+ Kxg7 34. Be3 Rg8 35. Bd2 h6 36. Nf3 Kf6 37. Rg1 Rg3 38. Kh2 R8g7 39. Be1 Rxg2+ 40. Kh1 Rxg1+ 41. Nxg1 Nxf4 42. Bh4+ Kf7 43. Rd2 Ng6 44. Bd8 e5 45. dxe5 Nxe5 46. Bc7 Rxg1+ 0-1

[Event "Palo Alto"]
[Site "Palo Alto"]
[Date "1991.??.??"]
[Round "?"]
[White "Pinto, Mark A"]
[Black "Awate, Avinash S"]
[Result "0-1"]
[WhiteElo "2275"]
[BlackElo "2280"]
[PlyCount "94"]
[EventDate "1991.??.??"]
[EventType "tourn"]
[EventRounds "9"]
[EventCountry "USA"]
[SourceTitle "EXT 1997"]
[Source "ChessBase"]
[SourceDate "1996.11.15"]
[SourceVersion "1"]
[SourceVersionDate "1996.11.15"]
[SourceQuality "1"]

1. e4 g6 2. Nc3 Bg7 3. f4 c5 4. Nf3 Nc6 5. Bb5 Nd4 6. Bd3 e6 7. Nxd4 cxd4 8. Nb5 Nh6 9. Nd6+ Kf8 10. e5 f6 11. 0-0 Nf7 12. b3 Nxd6 13. Ba3 Kf7 14. Bxd6 Bf8 15. f5 exf5 16. Qf3 Bxd6 17. Qd5+ Kg7 18. exd6 Re8 19. Bc4 Re6 20. Qxd4 Re5 21. Rae1 Qe8 22. Kf2 b6 23. Bd5 Ba6 24. c4 Rb8 25. Qf4 g5 26. Qf3 Qf8 27. d4 Rxe1 28. Rxe1 Qxd6 29. Qxf5 Bb7 30. Qe4 Bxd5 31. cxd5 Rf8 32. Qe7+ Qxe7 33. Rxe7+ Rf7 34. d6 Rxe7 35. dxe7 Kf7 36. Kf3 f5 37. g4 f4 38. h4 h6 39. hxg5 hxg5 40. Ke4 Kxe7 41. b4 b5 42. Kf3 Kd6 43. Ke4 Ke6 44. d5+ Kd6 45. Kd4 f3 46. Ke3 Kxd5 47. Kxf3 Kd4 0-1

[Event "Northwest Chess May op"]
[Site "Seattle"]
[Date "1984.04.??"]
[Round "?"]
[White "Donaldson, John W"]
[Black "Awate, Avinash S"]
[Result "1-0"]
[WhiteElo "2425"]
[BlackElo "2210"]
[PlyCount "37"]
[EventDate "1984.05.??"]
[EventType "swiss"]
[EventRounds "7"]
[EventCountry "USA"]
[SourceTitle "EXT 2004"]
[Source "ChessBase"]
[SourceDate "2003.11.25"]
[SourceVersion "1"]
[SourceVersionDate "2003.11.25"]
[SourceQuality "1"]

1. Nf3 d5 2. c4 c6 3. d4 Nf6 4. cxd5 cxd5 5. Nc3 Nc6 6. Bf4 e6 7. e3 Bb4 8. Bd3 0-0 9. 0-0 Bxc3 10. bxc3 Na5 11. Bg5 h6 12. Bh4 Bd7 13. Ne5 Rc8 14. f4 Qe7 15. Ng4 Rxc3 16. Bxf6 gxf6 17. Nxh6+ Kh8 18. Nf5 exf5 19. Qh5+ 1-0